000 00292nam a22001337a 4500
008 170208b xxu||||| |||| 00| 0 eng d
020 _a9780070215306
041 _aeng
080 _a61
100 _a4
101 _aSHM
245 _aPRINCIPLES OF INTERNAL MEDICINE
_cFAUCI
942 _2udc
_cBK
999 _c4916
_d4916